000 00758cab a2200229 4500
001 ABS53509
008 090401t1995 xxu||||| |||| 00| 0 eng d
035 _a(Sirsi) u4806
041 _aeng
245 _aMortgage interest relief: property used for residential and business purposes
260 _c1995
350 _a0
490 _aInland Revenue Tax Bulletin
_v(18) August 1995, 229-232(4)
520 _aDiscusses mortgage interest relief provisions on property used for residential and businesss purposes. Gives examples.
650 _aEXTRA STATUTORY CONCESSION A89
650 _aINCOME AND CORPORATION TAXES ACT 1988 S353
650 _aMIRAS
650 _aMORTGAGE INTEREST RELIEF
690 _aTAXATION
942 _n0
948 _c04/03/1997
999 _c2908
_d2908